00479nam a2200193Ia 4500008004100000041001200041082001100053100002200064100001100086245004800097260001700145260002500162260000900187300001500196365002500211650001800236650001700254650001400271150909s9999 xx 000 0 und d aEnglish bCHR/DI aChristensen H N  eAuthor aDissociation enzyme kinetics, bioenergetics aphiladelphia bW B Saunders Company c1975 a185 Pages aRs .37 .00  aBio chemistry abiocarbonate abuffering